000 00962cam a22003011 4500
001 31869
003 BD-RjUL
005 20211209051747.0
008 140422s1952 enk b 001 0 eng d
035 _a(BD-RjUL)31957
035 _a(OCoLC)4452076
040 _aDLC
_cInU
_dOCoLC
_dDLC
_dBD-RjUL
_beng
041 1 _aengswe
082 0 0 _a292
_bNIH 1952
100 1 _aNilsson, Martin P.
_q(Martin Persson),
_d1874-1967.
_997019
245 1 2 _aA history of Greek religion /
_cby Martin P. Nilsson.
250 _a2d ed.
260 _aLondon :
_bAt the Clarendon Press,
_c1952.
300 _a316 p. ;
_c20 cm.
490 0 _aThe Norton library,
_vN287
504 _aBibliographical references included in "Notes and corrections" (p. [305]-309) and Index
650 0 _aMythology, Greek.
_997020
651 0 _aGreece
_xReligion.
_993576
651 0 _aCrete (Greece)
_xAntiquities.
_966201
942 _2ddc
_cBK
999 _c31869
_d31869